[Event "VIII Floripa Open 2022"]
[Site "Florianopolis"]
[Date "2022.01.26"]
[Round "1.1"]
[White "Dos Santos, Guilherme Fortes"]
[Black "Pichot, Alan"]
[Result "0-1"]
[WhiteElo "1748"]
[BlackElo "2625"]
[Annotator "TA"]
[PlyCount "60"]
[EventDate "2022.01.24"]
[EventType "swiss"]
[EventCountry "BRA"]
[SourceTitle "playchess.com"]
[Source "ChessBase"]
[SourceQuality "1"]

{[%evp 17,60,0,0,-43,0,-61,-51,-63,-33,-131,-121,-181,-186,-287,-239,-264,-237,-250,-238,-304,-295,-302,-310,-305,-312,-310,-295,-305,-295,-360,-337,-329,-301,-309,-319,-432,-421,-548,-531,-835,-837,-837,-830,-830,-827]} 1. d4 Nf6 2. c4 g6 3. Nc3 Bg7 4. e4 d6 5. f4 c5 6. d5 O-O 7. Nf3 e6 8. Bd3 exd5 9. cxd5 b5 {aiming for ...c4.} 10. Nxb5 {A68: Modern Benoni: Four Pawns Attack without 9...Re8.} (10. e5 $11 dxe5 11. fxe5) 10... Nxe4 11. O-O ({White should play} 11. Bxe4 $11 Re8 12. Nd2) 11... Re8 (11... Qb6 $5 {[%cal Rc5c4]} 12. Re1 f5 $15) 12. Re1 {Black is slightly better.} a6 {[#]} (12... Nf6 $5 {[%cal Re8e1]}) 13. Bxe4 $146 (13. Na3 $1 $15 Nf6 14. Rxe8+ Nxe8 15. Nc4) ({Predecessor:} 13. Na3 Nf6 14. Nc4 Rxe1+ 15. Qxe1 Bg4 16. Be4 Nxe4 17. Qxe4 Nd7 18. h3 Nf6 19. Qd3 {0-1 (69) Alavi Moghaddam,S (2445)-Jones,G (2670) Chess.com INT 2020}) 13... axb5 $17 14. Bd2 (14. f5 $17) 14... Nd7 $19 15. Qb3 (15. a4 $142) 15... Nf6 16. Bc2 Rxe1+ 17. Rxe1 Qb6 18. Be3 Bb7 19. Bd3 Bxd5 20. Qxb5 Qxb5 21. Bxb5 Rxa2 22. Bc1 Ne4 23. Ng5 Bd4+ ({Don't go for} 23... Bxb2 $2 24. Nxe4 Bxe4 25. Rxe4 Bxc1 26. Kf1 $19) 24. Kf1 Nxg5 ({Worse is} 24... Bxb2 25. Nxe4 Bxe4 26. Bc4 $17) 25. fxg5 Bxb2 26. Re8+ Kg7 {Black is clearly winning.} 27. Bf4 Bd4 {[#] Hoping for ...Rf2+.} 28. Bxd6 {Intending Bf8+ and mate.} Bxg2+ 29. Ke1 Bc3+ 30. Kd1 Rd2+ {White did not feel at home in the position after the opening.  Weighted Error Value: White=0.63/Black=0.09 (flawless)} 0-1

[Event "VIII Floripa Open 2022"]
[Site "Florianopolis"]
[Date "2022.01.26"]
[Round "1.2"]
[White "Delgado Ramirez, Neuris"]
[Black "Rodrigues, Natanael Isau"]
[Result "1-0"]
[WhiteElo "2614"]
[BlackElo "1748"]
[Annotator "TA"]
[PlyCount "57"]
[EventDate "2022.01.24"]
[EventType "swiss"]
[EventCountry "BRA"]
[SourceTitle "playchess.com"]
[Source "ChessBase"]
[SourceQuality "1"]

{[%evp 18,57,0,0,49,8,35,10,18,0,0,0,16,0,50,37,62,43,31,29,22,26,112,102,103,106,141,144,184,185,245,243,422,431,405,414,637,615,698,689,758,662]} 1. e4 c6 2. c4 d5 3. cxd5 cxd5 4. exd5 Nf6 5. Nc3 Nxd5 6. d4 e6 7. Nf3 Be7 8. Bd3 b6 9. O-O Bb7 10. Re1 Nf6 {[#] E14: Queen's Indian: Classical Variation (4 e3).} (10... O-O $11 {deserves consideration.}) 11. Bc2 $146 (11. Bb5+ $1 $14 {feels stronger.} Bc6 12. Qa4 Bxb5 13. Qxb5+ Qd7 14. a4) ({Predecessor:} 11. Bb5+ Nbd7 12. Ne5 O-O 13. Nxd7 Nxd7 14. d5 exd5 15. Nxd5 Bd6 16. Bf4 Bxf4 17. Nxf4 {½-½ (46) Jonas,V (1900)-Svoboda,V (1968) Czech Republic 2005}) 11... a6 12. a3 Nbd7 {The position is equal.} 13. Bg5 Nd5 14. Bd2 N7f6 15. Ne5 Nc7 (15... Rc8 $11) 16. Bg5 Nd7 17. Bxe7 {White is much more active.} (17. Bf4 {is interesting.} O-O 18. Qh5 g6 19. Qh6 Bf6 20. Bb3) 17... Qxe7 18. Qg4 Nxe5 19. dxe5 ({Don't play} 19. Qxg7 {[#]} Nf3+ $1 20. gxf3 O-O-O $15) 19... Kf8 (19... O-O $1 $11) 20. Rad1 h5 21. Qd4 Qc5 22. Qf4 $36 {[%mdl 2048] [#] Strongly threatening Rd7. Black is under strong pressure.} Qe7 {Inhibits Rd7.} 23. Be4 {Prevents Nd5.} g5 (23... Bxe4 $142 24. Qxe4 (24. Rxe4 g5 $18) 24... Rb8) 24. Qc1 $18 Ne8 $2 (24... Bxe4 {was necessary.} 25. Nxe4 Nd5 26. Nxg5 (26. Qxg5 Qxg5 27. Nxg5 h4 $16) 26... h4) 25. Bxb7 Qxb7 26. Qxg5 Rg8 (26... Qe7 $142 27. Qf4 h4) 27. Qh6+ {White is clearly winning.} Rg7 {[%csl Gg7][%cal Rb7g2]} 28. Ne4 Kg8 29. Qxh5 {Weighted Error Value: White=0.09 (flawless) /Black=0.55} 1-0

[Event "VIII Floripa Open 2022"]
[Site "Florianopolis"]
[Date "2022.01.26"]
[Round "1.3"]
[White "Pereira Neto, Wladimir Nequesaurt"]
[Black "Bachmann, Axel"]
[Result "0-1"]
[WhiteElo "1747"]
[BlackElo "2594"]
[Annotator "TA"]
[PlyCount "28"]
[EventDate "2022.01.24"]
[EventType "swiss"]
[EventCountry "BRA"]
[SourceTitle "playchess.com"]
[Source "ChessBase"]
[SourceQuality "1"]

{[%evp 15,28,-12,38,0,-3,-66,-5,-50,-49,-49,-45,-156,-151,-470,-472]} 1. e4 c5 2. Nf3 e6 3. d4 cxd4 4. Nxd4 Nc6 {[%cal Bb8c6,Bc6e5,Be5f3][%mdl 32]} 5. Nc3 Qc7 6. Be2 a6 7. O-O Nf6 8. Re1 b5 (8... Bd6 $11) 9. Bf3 {B43: Sicilian: Kan Variation: 5 Nc3.} (9. Nxc6 $14 dxc6 10. e5) 9... Ne5 $1 $11 {[#]} 10. g3 $146 (10. Bf4 $11) ({Predecessor:} 10. Nd5 exd5 11. exd5 Bd6 12. Bf4 O-O 13. Rxe5 Bxe5 14. d6 Qxd6 15. Bxe5 Qxe5 16. Bxa8 d5 {0-1 (46) Skjolingstad,S (1749)-Royset,P (2285) Kragero 2018}) 10... b4 ({Better is} 10... Bc5 $15 11. Nb3 Bb6) 11. Nb1 (11. Nd5 $11 Nxf3+ 12. Qxf3 Nxd5 13. exd5) 11... Nxf3+ $15 12. Nxf3 Bc5 13. Nd4 (13. a3 $15) 13... Bb7 $17 14. e5 $2 {[#]} (14. a3 $17 {is a better chance.}) 14... Bxd4 {White did not feel at home in the position after the opening.  Weighted Error Value: White=1.06/Black=0.21 (precise)} 0-1

[Event "VIII Floripa Open 2022"]
[Site "Florianopolis"]
[Date "2022.01.26"]
[Round "1.4"]
[White "Supi, Luis Paulo"]
[Black "Messias, Jose Vitor Lamosa Pr"]
[Result "1-0"]
[WhiteElo "2581"]
[BlackElo "1702"]
[Annotator "TA"]
[PlyCount "51"]
[EventDate "2022.01.24"]
[EventType "swiss"]
[EventCountry "BRA"]
[SourceTitle "playchess.com"]
[Source "ChessBase"]
[SourceQuality "1"]

{[%evp 16,51,13,0,82,97,77,93,87,94,77,71,88,84,102,116,104,55,88,85,227,212,391,390,470,445,483,487,465,478,450,456,998,987,975,965,988,963]} 1. e4 e5 2. Nf3 Nf6 3. d4 Nxe4 4. Bd3 d5 5. Nxe5 Bd6 6. Nc3 Nxc3 7. bxc3 Nd7 8. O-O O-O 9. Re1 {[#]} f6 $146 {[#] C43: Petroff Defence: 3 d4.} (9... c5 $11 {remains equal.}) ({Predecessor:} 9... c5 10. Nxd7 Qxd7 11. dxc5 Bxc5 12. Qh5 g6 13. Qh4 Qc6 14. Bh6 Re8 15. Qf6 Bf8 16. Qxc6 Rxe1+ 17. Rxe1 bxc6 {½-½ (30) Oparin,G (2654)-Aronian,L (2782) Riga 2021}) 10. Qh5 $1 $16 {[%csl Gd3][%cal Rh5h7]} f5 11. Bg5 Nf6 {White is better.} 12. Qf3 {White is much more active. Black has bad knights.} c6 13. Bxf5 Bxf5 14. Qxf5 {Strongly threatening Qe6+.} Qc7 15. Qe6+ Kh8 16. Qh3 ({White should try} 16. Bxf6 $16 {Threatens to win with Bh4.} Rxf6 17. Qh3) 16... Kg8 17. Re3 Rae8 {To avoid Qe6+. This move loses the game for Black.} (17... Bxe5 $16 18. dxe5 Ne4) 18. Bxf6 $18 Rxf6 $2 {[#]} (18... gxf6 19. Rg3+ Kh8 20. Ng6+ Kg8) 19. Nd7 $1 Bxh2+ 20. Kh1 {White is clearly winning.} Rxe3 21. Nxf6+ gxf6 22. Qxe3 {KQR-KQB} ({Weaker is} 22. fxe3 Bd6 23. Qe6+ Kg7 24. Qg4+ Kf8 $18) 22... Bf4 23. Qe6+ Qf7 (23... Kg7 $142 24. Re1 Bd2 25. Qg4+ Kf8) 24. Qg4+ Bg5 25. f4 h5 26. Qc8+ {Weighted Error Value: White=0.04 (flawless) /Black=0.52} 1-0

[Event "VIII Floripa Open 2022"]
[Site "Florianopolis"]
[Date "2022.01.26"]
[Round "1.5"]
[White "Machado, Luiz Fernando"]
[Black "Fier, Alexandr"]
[Result "0-1"]
[WhiteElo "1740"]
[BlackElo "2572"]
[Annotator "TA"]
[PlyCount "42"]
[EventDate "2022.01.24"]
[EventType "swiss"]
[EventCountry "BRA"]
[SourceTitle "playchess.com"]
[Source "ChessBase"]
[SourceQuality "1"]

{[%evp 15,42,0,0,-22,-18,-16,-16,-30,-14,-44,-30,-18,-14,-60,-30,-327,-331,-330,-258,-241,-241,-228,-226,-346,-328,-435,-375,-426,-390]} 1. e4 c5 2. Nf3 e6 3. d4 cxd4 4. Nxd4 Nf6 5. Bd3 Nc6 6. Nxc6 bxc6 7. O-O d5 8. exd5 cxd5 9. Bg5 {B40: Sicilian: 2...e6, Unusual lines.} Be7 10. Nd2 O-O 11. c3 {[#] The position is equal.} h6 $146 ({Predecessor:} 11... Bb7 12. Nf3 Nd7 13. Bf4 Nc5 14. Bc2 Bd6 15. Be3 f5 16. Bxc5 Bxc5 17. Nd4 Qb6 {1-0 (44) Ruiz Castillo,J (2091)-Acevedo,J (2168) Columbia 2009}) 12. Bh4 Rb8 13. b3 e5 14. c4 (14. Re1 $11 {is more appropriate.}) 14... Bb7 (14... e4 $5 {[%cal Re4d3]} 15. Be2 Bb7 16. cxd5 Nxd5 17. Bxe7 Qxe7 $15) 15. cxd5 $2 {[%mdl 8192] White does not recover from this.} (15. Re1 $11 {and White is okay.}) 15... Qxd5 $19 {[%csl Gb7][%cal Rd5g2] [#]} 16. Qf3 Qd4 {Prevents Ne4.} 17. Ne4 Bxe4 18. Bxe4 g5 {[%cal Bg7g5,Bg5g4][%mdl 32]} ({Weaker is} 18... Nxe4 19. Bxe7 Rfe8 20. Rfd1 Qxf2+ 21. Qxf2 $17) (18... Qxe4 19. Qxe4 Nxe4 20. Bxe7 $11) 19. Bc2 (19. Bxg5 $142 hxg5 20. Rae1) 19... Qxh4 20. Rad1 Qf4 21. Qh3 g4 {Weighted Error Value: White=0.77/Black=0.18 (very precise)} 0-1

[Event "VIII Floripa Open 2022"]
[Site "Florianopolis"]
[Date "2022.01.26"]
[Round "1.6"]
[White "Mekhitarian, Krikor Sevag"]
[Black "Itagyba, Renan Fortes"]
[Result "1-0"]
[WhiteElo "2562"]
[BlackElo "1737"]
[Annotator "TA"]
[PlyCount "42"]
[EventDate "2022.01.24"]
[EventType "swiss"]
[EventCountry "BRA"]
[SourceTitle "playchess.com"]
[Source "ChessBase"]
[SourceQuality "1"]

{[%evp 9,42,14,32,43,71,66,66,60,47,41,56,61,63,24,43,43,45,41,42,39,46,47,50,45,102,106,109,103,110,102,106,106,392,385,890]} 1. Nf3 c5 2. c4 Nf6 3. Nc3 d5 4. cxd5 Nxd5 5. e4 Nc7 6. d4 {A34: Symmetrical English: 2 Nc3, lines with ...d5.} e6 7. Be3 (7. Bf4 {with more complications.} Bd6 8. Be3 Nba6 9. Bc4 O-O 10. O-O) 7... cxd4 {[#]} 8. Qxd4 $146 {White is slightly better.} ({Predecessor:} 8. Nxd4 Bb4 9. Qa4+ Nc6 10. O-O-O Bxc3 11. Nxc6 Bxb2+ 12. Kxb2 Bd7 13. Nxd8 Bxa4 14. Rd4 Bd7 15. Nxf7 O-O 16. Rxd7 Rxf7 17. Rxf7 Kxf7 18. Be2 b6 19. Rc1 {1-0 (19) Hornung,H (2050)-Gress,P Fuerth 2016}) 8... Qxd4 9. Nxd4 Bd7 10. Bf4 Bc5 11. O-O-O {White is much more active.} Bxd4 (11... Nba6 {looks sharper.} 12. f3 O-O-O 13. Nb3 Bb4 14. Bg3 Nc5) 12. Rxd4 Nc6 13. Rd2 e5 14. Be3 $36 {[%mdl 2048] White has the initiative.} O-O-O 15. Bc4 Be6 16. Bd5 Nb4 (16... Kb8 $14) 17. Bxe6+ $16 ({Reject} 17. Bxa7 $6 Ncxd5 18. exd5 Nxd5 $11) 17... Nxe6 18. Rxd8+ Rxd8 19. Bxa7 Nd4 20. Kb1 Rd6 $2 {[%mdl 8192] [#]} (20... Nd3 $16 21. Rd1 Nxf2) 21. Bc5 $1 $18 {[%csl LRb4,LRd6]} b6 $2 {Weighted Error Value: White=0.03 (flawless) /Black=0.44} (21... Rf6 22. Bxb4 Rxf2) 1-0

[Event "VIII Floripa Open 2022"]
[Site "Florianopolis"]
[Date "2022.01.26"]
[Round "1.7"]
[White "Ferreira, Jose Carlos"]
[Black "Cuenca Jimenez, Jose Fernando"]
[Result "0-1"]
[WhiteElo "1748"]
[BlackElo "2552"]
[Annotator "TA"]
[PlyCount "86"]
[EventDate "2022.01.24"]
[EventType "swiss"]
[EventCountry "BRA"]
[SourceTitle "playchess.com"]
[Source "ChessBase"]
[SourceQuality "1"]

{[%evp 15,86,8,17,9,14,-29,-22,-62,-38,-43,44,59,63,24,32,-179,-164,-163,-155,-240,-241,-239,-221,-227,-231,-233,-222,-228,-231,-274,-275,-277,-273,-273,-274,-298,-309,-292,-256,-255,-252,-294,-285,-281,-281,-390,-278,-474,-387,-514,-346,-522,-406,-721,-303,-408,-405,-394,-379,-396,-394,-499,-486,-535,-524,-737,-737,-735,-734,-715,-657,-1196,-1193]} 1. d4 Nf6 2. c4 g6 3. f3 Bg7 4. e4 d6 5. Nc3 O-O 6. Be3 c5 7. Nge2 Nc6 8. Qd2 Qa5 9. Rd1 {E81: King's Indian: Sämisch: 6th move deviations (including 6 Be3 c6).} a6 10. d5 (10. dxc5 {should be considered.} dxc5 11. b3) 10... Ne5 $11 11. Ng3 {[#] The position is equal.} h5 $146 {[%cal Ob7b5] Black is more active.} ({Predecessor:} 11... b5 12. cxb5 axb5 13. Bxb5 Ba6 14. a4 Bxb5 15. Nxb5 Qxa4 16. Nc3 Qa6 17. Nge2 Nc4 {0-1 (32) Reinke,K (2015)-Lupor,A (2285) Bad Woerishofen 2007}) 12. Bg5 Rb8 ({Black should play} 12... Qb4 $15) 13. f4 $1 $14 Ned7 14. Be2 {[%cal Oe4e5]} b5 {[%cal Bb7b5,Bb5b4][%mdl 32]} 15. b3 $2 {[#] Now White is beyond hope.} (15. Rc1 $1 $14 {keeps the upper hand.}) 15... Nh7 $36 {[%mdl 2048] Black is in control.} 16. Nb1 Qxd2+ 17. Kxd2 (17. Nxd2 $17 Nxg5 18. fxg5) 17... Nxg5 18. fxg5 Ne5 19. Na3 b4 20. Nc2 a5 {[%cal Ba6a5,Ba5a4][%mdl 32]} 21. h3 a4 22. Ra1 Nd7 23. Rab1 Be5 {[%cal Bg7e5,Be5f4,Bf4g5][%mdl 32]} 24. Nf1 Bf4+ 25. Nfe3 Bxg5 26. g4 h4 27. Ne1 Ne5 28. Rf1 axb3 29. axb3 Ra8 30. Rb2 {Prevents Ra2.} Bd7 31. N1g2 $2 {[#]} (31. Nd3) 31... Ra7 32. Rfb1 Rfa8 {Hoping for ...f5.} 33. Bd1 (33. Ke1 $142) 33... Ra2 34. Ke2 (34. Ne1 $142) 34... Bc8 (34... Rxb2+ $142 35. Rxb2 Ra1) 35. Bc2 Bf6 {...Rxb2 is the strong threat.} 36. Rxa2 Rxa2 37. Ne1 Bg5 38. Nd1 f5 {Black is clearly winning.} 39. exf5 gxf5 40. Rb2 Rxb2 41. Nxb2 fxg4 42. hxg4 h3 43. Kf2 Bh4+ {Weighted Error Value: White=0.72/Black=0.36} 0-1

[Event "VIII Floripa Open 2022"]
[Site "Florianopolis"]
[Date "2022.01.26"]
[Round "1.8"]
[White "Hungaski, Robert"]
[Black "Rodio, Julia Brunetto"]
[Result "1-0"]
[WhiteElo "2521"]
[BlackElo "1735"]
[Annotator "TA"]
[PlyCount "93"]
[EventDate "2022.01.24"]
[EventType "swiss"]
[EventCountry "BRA"]
[SourceTitle "playchess.com"]
[Source "ChessBase"]
[SourceQuality "1"]

{[%evp 9,93,-20,-1,-16,-14,-20,-20,-26,14,14,16,19,13,18,30,26,99,88,100,93,93,15,20,17,9,16,62,57,62,45,44,48,35,45,43,41,41,49,50,22,33,29,54,47,52,37,40,47,79,78,69,46,54,16,74,0,86,0,-16,-58,-47,-56,-2,-57,0,0,62,62,79,62,62,62,62,63,89,112,866,823,897,854,6841,1470,1316,1179,1260,1233]} 1. e4 c5 2. Nc3 a6 3. f4 e6 4. Nf3 d5 5. d3 Nf6 6. Be2 {B23: Closed Sicilian: Lines without g3.} Be7 7. O-O Nc6 8. Qe1 {The position is equal.} Nd4 9. Bd1 O-O 10. e5 {Threatens to win with Nxd4.} Nd7 11. Nxd4 cxd4 12. Ne2 {[#]} f6 $146 (12... Qb6 $11) ({Predecessor:} 12... Qb6 13. b3 Nb8 14. Bb2 Nc6 15. Qf2 Bc5 16. a3 a5 17. Ng3 f6 18. exf6 Rxf6 {0-1 (48) Pavlov,V (1695)-Stojanov,A (2128) Ohrid 2017}) 13. Nxd4 $16 Bc5 {[#]} 14. c3 ({Of course not} 14. Be3 $6 Qb6 15. c3 fxe5 16. fxe5 Rxf1+ 17. Kxf1 Nxe5 $11) 14... Qb6 15. Be3 (15. exf6 $16 Nxf6 16. Qe3) 15... fxe5 $11 16. fxe5 Rxf1+ 17. Kxf1 {b4 is the strong threat.} Qxb2 (17... Nxe5 $11 {deserves consideration.} 18. b4 Bf8) 18. Bb3 $1 $14 Nf8 (18... Nxe5 $2 19. Rb1 Nxd3 20. Rxb2 Nxe1 21. Kxe1 $18) 19. Nc2 {[%cal Bd4c2,Bc2e1,Be1f3][%mdl 32]} Bxe3 20. Rb1 Bd2 $1 21. Rxb2 Bxe1 22. Nxe1 Bd7 23. Ke2 Ng6 24. Nf3 Kf7 25. Ke3 Bc6 26. d4 Rc8 27. Bc2 h6 {Prevents Ng5+.} 28. Bd3 Bb5 29. a4 Bc6 30. Rf2 {White is more active.} Nf8 31. Bc2 Nd7 {[#]} (31... a5 $11 {keeps the balance.}) 32. a5 (32. Nh4+ $1 $16 Kg8 33. Ng6) 32... Ke7 (32... Bb5 $11) 33. g4 (33. Nh4 $16) 33... Bb5 $11 34. Kd2 (34. c4 $11 Rxc4 35. Nh4) 34... Rf8 $15 35. Bd1 Nb8 (35... b6 $15) 36. g5 (36. Ke1 $11) 36... hxg5 ({Black should try} 36... Nc6 $15) 37. Rg2 $11 Rf5 (37... Nc6 $11) 38. Nxg5 $14 {And now Nh7 would win.} ({Much worse is} 38. Rxg5 Rxg5 39. Nxg5 Bd7 $11) 38... Nc6 {[#]} 39. Nxe6 $1 Kxe6 40. Bg4 {Hoping for Bh3.} g6 ({Not} 40... Nxa5 41. Bh3 $16 (41. Bxf5+ Kxf5 42. Rxg7 Be8 $14)) 41. h4 Nxa5 42. Bxf5+ gxf5 $2 {[%mdl 8192] A mistake that costs the game.} (42... Kxf5 $16 43. Rg5+ Kf4) 43. h5 $18 {Black must now prevent h6. White is clearly winning.} Nc4+ 44. Kc1 Ne3 {[#]} 45. h6 $1 {[%mdl 512]} Nxg2 46. h7 f4 47. h8=Q {Weighted Error Value: White=0.19 (very precise) /Black=0.25 (precise)} 1-0

[Event "VIII Floripa Open 2022"]
[Site "Florianopolis"]
[Date "2022.01.26"]
[Round "1.9"]
[White "Cezar, Ricardo De Almeida"]
[Black "Lima, Darcy"]
[Result "0-1"]
[WhiteElo "1735"]
[BlackElo "2507"]
[Annotator "TA"]
[PlyCount "56"]
[EventDate "2022.01.24"]
[EventType "swiss"]
[EventCountry "BRA"]
[SourceTitle "playchess.com"]
[Source "ChessBase"]
[SourceQuality "1"]

{[%evp 9,56,3,6,-10,1,6,0,7,7,0,8,-1,0,2,0,0,0,-16,-12,-19,-8,-19,-17,-49,-23,-41,-43,-81,-79,-102,-99,-78,-37,-49,-33,-39,-23,-53,-42,-76,-62,-60,-63,-100,-112,-202,-189,-317,-305]} 1. d4 Nf6 2. Bf4 g6 3. e3 Bg7 4. Nf3 d6 5. h3 O-O 6. Bh2 {A48: 1 d4 Nf6 2 Nf3 g6: Torre, London and Colle Systems.} Nbd7 {6...b6 is becoming the main line.} 7. Be2 a6 {[#]} 8. c4 $146 {The position is equal.} ({Predecessor:} 8. a4 Qe8 9. O-O e5 10. c4 Qe7 11. Nc3 c6 12. Qb3 Ne8 13. Rfd1 Kh8 14. a5 f5 15. dxe5 dxe5 {0-1 (46) Sillye,K (2195)-Orso,M (2410) Budapest 1996}) 8... b6 9. Nc3 Bb7 10. O-O Ne4 11. Nxe4 Bxe4 12. Nd2 Bb7 13. Bf3 Bxf3 14. Nxf3 b5 15. cxb5 axb5 16. Qe2 Qb8 17. Rfc1 Qb7 18. Nd2 c5 19. Nb3 {[%cal Rd4c5]} cxd4 20. Nxd4 Bxd4 (20... b4 $17) 21. exd4 $15 Nf6 {[%cal Bd7f6,Bf6d5,Bd5c3,Bc3e2][%mdl 32]} 22. Bf4 Ra4 23. Be3 Rfa8 24. Qc2 Nd5 {Black is more active.} 25. b3 Ra3 $40 {[%mdl 128] White needs to defend precisely.} 26. Qd2 b4 27. Qc2 (27. Rcb1 $17 {might work better.}) 27... Nc3 $19 {[%cal Ra3a2]} 28. Bd2 (28. Qd3 $142) 28... Ne2+ {Weighted Error Value: White=0.25 (precise) /Black=0.05 (flawless)} ({Worse is} 28... Nxa2 29. Re1 $17) (28... Rxa2 29. Rxa2 Rxa2 30. Qd3 $17) 0-1

[Event "VIII Floripa Open 2022"]
[Site "Florianopolis"]
[Date "2022.01.26"]
[Round "1.10"]
[White "Barbosa, Evandro Amorim"]
[Black "Esteche, Caina Rinaldi"]
[Result "1-0"]
[WhiteElo "2487"]
[BlackElo "1735"]
[Annotator "TA"]
[PlyCount "73"]
[EventDate "2022.01.24"]
[EventType "swiss"]
[EventCountry "BRA"]
[SourceTitle "playchess.com"]
[Source "ChessBase"]
[SourceQuality "1"]

{[%evp 9,73,18,72,64,60,79,125,118,125,111,112,107,112,117,129,129,125,125,125,114,135,76,77,75,83,81,83,76,218,212,226,160,326,315,352,349,333,322,341,341,338,335,411,397,404,430,405,416,425,408,414,400,434,425,420,398,359,311,727,698,810,821,781,734,1520,1310]} 1. e4 c5 2. Nf3 Nc6 3. Bb5 e6 4. O-O Nge7 5. Re1 e5 (5... a6 $11 {keeps the balance.} 6. Bxc6 Nxc6) 6. c3 $16 {B30: Sicilian: 2...Nc6 3 Bb5, lines without ...g6.} Ng6 7. d4 {[#]} Qc7 $146 (7... cxd4 $142 8. cxd4 exd4) ({Predecessor:} 7... cxd4 8. cxd4 exd4 9. Nxd4 Bc5 10. Be3 Bxd4 11. Bxd4 O-O 12. Bc3 Nf4 13. Qg4 Ne6 {1-0 (31) Asgarova,T (1935)-Ammar,S (1573) Al Ain 2015}) 8. Be3 {White is more active. White is better.} a6 9. Bxc6 dxc6 10. dxc5 Bg4 11. h3 Rd8 12. Nbd2 Be6 13. Qe2 Be7 14. Nc4 O-O 15. Ng5 (15. b4 $142) 15... Nf4 16. Bxf4 exf4 17. Nxe6 fxe6 18. Qh5 Rf6 {This costs Black the game.} (18... g6 $16 19. Qg4 Bxc5) 19. Rad1 $18 g6 20. Qe5 Rxd1 $2 {[#]} (20... Qxe5 $16 21. Nxe5 (21. Rxd8+ Bxd8 22. Nxe5 Bc7 $16) 21... Rff8) 21. Rxd1 ({Inferior is} 21. Qxc7 Rxe1+ 22. Kh2 Bxc5 23. Qc8+ (23. Qxb7 $2 Bxf2 24. Qc8+ Kg7 $19) 23... Kg7 24. Qc7+ (24. Qxb7+ $2 Rf7 $19) 24... Kg8 25. Qc8+ (25. Qxb7 $2 Bxf2 26. Qc8+ Kg7 $19) 25... Kg7 26. Qc7+ (26. Qxb7+ $2 Rf7 $19) 26... Kg8 $11) 21... Bd8 22. Qxc7 Bxc7 {[%mdl 4096] Endgame KRB-KRN} 23. Rd7 Rf7 24. Rxf7 Kxf7 {KB-KN} 25. e5 g5 26. Nd6+ Kg6 27. Kf1 b6 28. cxb6 Bxb6 29. Ke2 Kg7 30. b4 Kf8 31. Ne4 h6 32. Kd3 Kf7 33. c4 {[%cal Bc3c4,Bc4c5][%mdl 32]} Kg6 $2 {[#]} (33... Kf8 34. a4 Ke7) 34. c5 {White is clearly winning.} Bc7 35. Nd6 h5 36. Ke4 a5 37. a3 {Weighted Error Value: White=0.06 (flawless) /Black=0.33} 1-0

[Event "VIII Floripa Open 2022"]
[Site "Florianopolis"]
[Date "2022.01.26"]
[Round "2.1"]
[White "Pichot, Alan"]
[Black "Ferreira, Thales Bond Dias"]
[Result "1-0"]
[WhiteElo "2625"]
[BlackElo "1970"]
[Annotator "TA"]
[PlyCount "87"]
[EventDate "2022.01.24"]
[EventType "swiss"]
[EventCountry "BRA"]
[SourceTitle "playchess.com"]
[Source "ChessBase"]
[SourceQuality "1"]

{[%evp 9,87,20,22,19,13,16,18,14,30,31,22,27,41,33,26,31,34,23,38,16,17,16,19,15,18,18,29,23,23,31,25,34,50,50,43,33,29,20,37,29,43,44,52,52,52,45,80,31,76,77,86,77,81,55,77,77,67,60,86,39,92,77,89,78,103,105,220,216,441,379,538,530,531,529,525,516,493,426,1928,1695]} 1. c4 c5 2. Nf3 Nc6 3. Nc3 e5 4. e3 Nf6 5. d4 exd4 6. exd4 {Hoping for d5. A34: Symmetrical English: 2 Nc3, lines with ...d5.} cxd4 7. Nxd4 d5 8. Be2 {The position is equal.} Bb4 9. O-O {cxd5 is the strong threat.} O-O 10. Nxd5 Nxd5 11. Nxc6 bxc6 12. cxd5 cxd5 13. Be3 Be6 14. Bf3 {[#]} Bd6 $146 ({Predecessor:} 14... Qd7 15. Qd4 Be7 16. Rfd1 Rfd8 17. Qd2 Rac8 18. Bd4 Bc5 19. Rac1 Bxd4 20. Qxd4 h6 {½-½ (54) Polster,C (2279)-Svane,F (2360) Wuerzburg 2019}) 15. Qd2 Be5 16. Rad1 Qb8 17. g3 ({Reject} 17. Bxd5 Rd8 18. Qa5 Bxh2+ 19. Kh1 Qe5 $17) 17... Qxb2 18. Qxb2 Bxb2 19. Bxd5 Bxd5 20. Rxd5 a6 21. Rb1 Bf6 22. Ra5 Rfc8 23. Rb7 h6 24. h4 Re8 25. Kg2 Re5 26. Rxe5 Bxe5 $14 {[%mdl 4096] Endgame KRB-KRB} 27. Kf3 a5 28. Ke4 ({White should try} 28. Rb5 $16 Bc3 29. a4) 28... Bc3 (28... Bd6 $14) 29. a3 $16 Rd8 30. Rb3 Rc8 31. Kd5 Be1 32. Rb1 Bc3 33. Bc5 h5 34. Kc4 (34. Rc1 $16 Bf6 35. Rb1) 34... g6 35. Rd1 Kg7 36. Rd5 ({Don't play} 36. Kxc3 $6 Rxc5+ 37. Kb3 Kf6 $11) 36... Be1 {[#] Threatens to win with ...Bxf2.} 37. Kd3 $1 Rb8 (37... Kh7 $16) 38. Bd4+ $18 Kf8 $2 (38... f6 39. Rd7+ Kg8) 39. Re5 Rb3+ (39... Bb4 $142 40. axb4 axb4) 40. Kc2 {White is clearly winning.} Bxf2 41. Bxf2 Rf3 42. Bc5+ Kg8 43. Re3 Rxe3 (43... Rf5 $142 44. Re8+ Kg7) 44. Bxe3 {Weighted Error Value: White=0.07 (flawless) /Black=0.25 (precise)} 1-0